Ước tính và dự báo nhiễm HIV/AIDS tại Việt Nam năm 2007 - 2012 = Viet Nam estimates and projections 2007 - 2012

Sách cung cấp các thông tin về quy trình, phương pháp thực hiện, cập nhật kết quả ước tính và dự báo HIV/AIDS tại Việt Nam đến nay 2012.

Na minha lista:
Detalhes bibliográficos
Autor Corporativo: Bộ y tế cục phòng, chống HIV/AIDS
Formato: Livro
Idioma:Undetermined
Publicado em: Hà Nội Bộ y tế cục phòng, chống HIV/AIDS 2009
Assuntos:
Tags: Adicionar Tag
Sem tags, seja o primeiro a adicionar uma tag!
Thư viện lưu trữ: Trung tâm Học liệu Trường Đại học Cần Thơ
LEADER 00977nam a2200217Ia 4500
001 CTU_152633
008 210402s9999 xx 000 0 und d
082 |a 303.49 
082 |b B450 
110 |a Bộ y tế cục phòng, chống HIV/AIDS 
245 0 |a Ước tính và dự báo nhiễm HIV/AIDS tại Việt Nam năm 2007 - 2012 = 
245 0 |b Viet Nam estimates and projections 2007 - 2012 
245 0 |c Bộ y tế cục phòng, chống HIV/AIDS 
260 |a Hà Nội 
260 |b Bộ y tế cục phòng, chống HIV/AIDS 
260 |c 2009 
520 |a Sách cung cấp các thông tin về quy trình, phương pháp thực hiện, cập nhật kết quả ước tính và dự báo HIV/AIDS tại Việt Nam đến nay 2012. 
650 |a Economic forecasting 
650 |x Dự báo kinh tế 
904 |i Dương 
980 |a Trung tâm Học liệu Trường Đại học Cần Thơ